Шанс: повести и рассказы

Bibliographic Details
Main Author: Чубков Ю. Д. Юрий Дмитриевич
Summary:Исключено из фонда НТБ ТПУ
Language:Russian
Published: Москва, Современник, 1990
Format: MixedMaterials Book
KOHA link:https://koha.lib.tpu.ru/cgi-bin/koha/opac-detail.pl?biblionumber=152071

MARC

LEADER 00000nam0a2200000 4500
001 152071
005 20231031150910.0
010 |a 5270007649 
020 |a RU  |b 90-53328 
035 |a (RuTPU)RU\TPU\book\164895 
090 |a 152071 
100 |a 20090128d1990 m y0rusy5003 ca 
101 0 |a rus 
102 |a RU 
105 |a y z 000ay 
200 1 |a Шанс  |e повести и рассказы  |f Ю. Д. Чубков 
210 |a Москва  |c Современник  |d 1990 
215 |a 268 с. 
333 |a Исключено из фонда НТБ ТПУ 
700 1 |a Чубков  |b Ю. Д.  |g Юрий Дмитриевич 
801 0 |a RU  |b RuMRKP  |c 19950417  |g psbo 
801 1 |a RU  |b 63413507  |c 20090128  |g PSBO 
801 2 |a RU  |b 63413507  |c 20220517  |g PSBO 
942 |c BK